| 000 | 00822nam a22002777a 4500 | ||
|---|---|---|---|
| 003 | CHAP | ||
| 005 | 20220329134609.0 | ||
| 008 | 971013s1968 r 00010 d | ||
| 010 | _a22807 | ||
| 011 | _a23779 | ||
| 035 | _a27876 | ||
| 040 | _cCHAP | ||
| 082 |
_a581.508 _bD8 |
||
| 100 | 0 | 0 |
_aDuke, James A. _934436 |
| 245 | _aDarien ethnobotanical dictionary | ||
| 260 |
_aColumbus, Ohio : _bBattelle Memorial Institute, _c1968 |
||
| 300 | _a131 p. | ||
| 590 |
_aBATCH-UPD _b10 _c20130110 _lUCH01 _h2238 |
||
| 590 |
_aBATCH-UPD _b10 _c20130410 _lUCH01 _h1532 |
||
| 590 |
_aBATCH-UPD _b10 _c20130914 _lUCH01 _h1331 |
||
| 590 |
_aCONVERSION _b10 _c20130109 _lUCH01 _h1313 |
||
| 650 | 1 | 4 |
_aEtnobotánica _xPanamá. _938630 |
| 901 | _aBK | ||
| 942 | _cLIBRO | ||
| 949 |
_a581.508 D8 _bBC _cC _d33724000524732 _eC _h13272 _i27876 _mD _si |
||
| 999 |
_c22807 _d22807 |
||